[Event "Pan American Intercollegiate-chT"]
[Site "South Padre Island"]
[Date "2014.12.29"]
[Round "4.1"]
[White "Torres Rosas, Luis Carlos"]
[Black "Kritz, Leonid"]
[Result "0-1"]
[WhiteElo "2331"]
[BlackElo "2577"]
[PlyCount "104"]
[EventDate "2014.12.27"]
[EventType "team-swiss"]
[EventRounds "6"]
[EventCountry "USA"]
[SourceTitle "CBM 164 Extra"]
[Source "ChessBase"]
[SourceDate "2015.03.02"]
[SourceVersion "1"]
[SourceVersionDate "2015.03.02"]
[SourceQuality "1"]
[WhiteTeam "TXTEK II"]
[BlackTeam "Dallas UT"]
[WhiteTeamCountry "USA"]
[BlackTeamCountry "USA"]

1. d4 e6 2. c4 f5 3. g3 Nf6 4. Bg2 d5 5. Nf3 Bd6 6. 0-0 c6 7. Nbd2 Nbd7 8. Qc2 Qe7 9. Ne1 0-0 10. Nd3 b6 11. Nf3 Bb7 12. Bf4 Bxf4 13. Nxf4 Ne4 14. h4 Rac8 15. Ng5 Nxg5 16. hxg5 Rfe8 17. Qa4 a6 18. Rac1 b5 19. cxb5 axb5 20. Qa7 Rb8 21. g6 hxg6 22. Nxg6 Qb4 23. b3 Qd6 24. Bf3 Rec8 25. Kg2 Kh7 26. Nf4 g5 27. Rh1+ Kg7 28. Nh5+ Kg6 29. g4 f4 30. e4 fxe3 31. fxe3 Ra8 32. Qxb7 Rxa2+ 33. Kh3 Rc7 34. Qxc7 Qxc7 35. Bd1 Rf2 36. Rc2 Rxc2 37. Bxc2+ Kf7 38. Rf1+ Ke7 39. Bg6 Qa5 40. Rf7+ Kd6 41. Ng7 c5 42. Ne8+ Kc6 43. Re7 cxd4 44. Rxe6+ Kc5 45. Nd6 Qa1 46. exd4+ Qxd4 47. Nf5 Qh8+ 48. Kg3 Qb8+ 49. Kh3 Qf4 50. Ng3 Ne5 51. Bf5 Kb4 52. Rf6 Nxg4 0-1

[Event "Richardson UTD Fall op"]
[Site "Richardson"]
[Date "2014.11.25"]
[Round "7"]
[White "Kritz, Leonid"]
[Black "Bora, Safal"]
[Result "1/2-1/2"]
[WhiteElo "2593"]
[BlackElo "2366"]
[PlyCount "84"]
[EventDate "2014.11.21"]
[EventType "swiss"]
[EventRounds "9"]
[EventCountry "USA"]
[SourceTitle "CBM 163 Extra"]
[Source "ChessBase"]
[SourceDate "2014.12.23"]
[SourceVersion "1"]
[SourceVersionDate "2014.12.23"]
[SourceQuality "1"]

1. e4 e6 2. d4 d5 3. Nc3 Nf6 4. e5 Nfd7 5. f4 c5 6. Nf3 Nc6 7. Be3 cxd4 8. Nxd4 Qb6 9. a3 Bc5 10. Na4 Qa5+ 11. b4 Qxa4 12. bxc5 Qa5+ 13. Qd2 Qxd2+ 14. Kxd2 Nxc5 15. Nxc6 Ne4+ 16. Kc1 bxc6 17. Bd3 0-0 18. Bxe4 dxe4 19. Rb1 Rd8 20. Rb4 Ba6 21. Rxe4 c5 22. Ra4 Bb5 23. Ra5 a6 24. Bxc5 Rac8 25. Bb4 Rd4 26. g3 Rdc4 27. c3 Rd4 28. Rd1 Rxd1+ 29. Kxd1 h5 30. Kd2 Kh7 31. a4 Bc4 32. Ke3 Kg6 33. Kd4 Kf5 34. Bc5 Bf1 35. Bb4 h4 36. Rc5 Rxc5 37. Bxc5 hxg3 38. hxg3 Kg4 39. Bf8 Kxg3 40. Bxg7 Kxf4 41. c4 Be2 42. Kc5 Ke4 1/2-1/2

[Event "Dallas UTD Spring op"]
[Site "Dallas"]
[Date "2014.03.12"]
[Round "7"]
[White "Kritz, Leonid"]
[Black "Troff, Kayden W"]
[Result "1/2-1/2"]
[WhiteElo "2598"]
[BlackElo "2459"]
[PlyCount "41"]
[EventDate "2014.03.08"]
[EventType "swiss"]
[EventRounds "9"]
[EventCountry "USA"]
[SourceTitle "CBM 159 Extra"]
[Source "ChessBase"]
[SourceDate "2014.04.24"]
[SourceVersion "1"]
[SourceVersionDate "2014.04.24"]
[SourceQuality "1"]

1. e4 c5 2. Nc3 d6 3. Nge2 Nf6 4. g3 Nc6 5. Bg2 g6 6. d3 Bg7 7. h3 0-0 8. 0-0 Bd7 9. f4 Rb8 10. g4 b5 11. Ng3 Nd4 12. f5 Ne8 13. Nce2 e6 14. c3 Nxe2+ 15. Qxe2 b4 16. c4 Qh4 17. Qf2 Bd4 18. Be3 Be5 19. Bf4 Bd4 20. Be3 Be5 21. Bf4 1/2-1/2

[Event "Dallas UTD Spring op"]
[Site "Dallas"]
[Date "2014.03.09"]
[Round "3"]
[White "Kritz, Leonid"]
[Black "Xiong, Jeffery"]
[Result "1-0"]
[WhiteElo "2598"]
[BlackElo "2361"]
[PlyCount "51"]
[EventDate "2014.03.08"]
[EventType "swiss"]
[EventRounds "9"]
[EventCountry "USA"]
[SourceTitle "CBM 159 Extra"]
[Source "ChessBase"]
[SourceDate "2014.04.24"]
[SourceVersion "1"]
[SourceVersionDate "2014.04.24"]
[SourceQuality "1"]

1. e4 c5 2. Nc3 a6 3. g3 b5 4. a3 Bb7 5. Bg2 e6 6. d3 Nf6 7. f4 Be7 8. Nf3 d6 9. 0-0 Nc6 10. Ne2 Qc7 11. h3 Nd7 12. c3 0-0 13. g4 f5 14. Ng3 fxe4 15. dxe4 Rad8 16. g5 Nb6 17. Nh4 g6 18. f5 d5 19. Bf4 e5 20. Bd2 dxe4 21. fxg6 Bxg5 22. Rxf8+ Kxf8 23. Qh5 Bxd2 24. gxh7 Ke7 25. Ng6+ Kf7 26. Rf1+ 1-0

[Event "Pan American Intercollegiate-chT"]
[Site "Lubbock"]
[Date "2013.12.29"]
[Round "5.1"]
[White "Kritz, Leonid"]
[Black "Le, Quang Liem"]
[Result "0-1"]
[WhiteElo "2604"]
[BlackElo "2703"]
[PlyCount "98"]
[EventDate "2013.12.27"]
[EventType "team-swiss"]
[EventRounds "6"]
[EventCountry "USA"]
[SourceTitle "CBM 158 Extra"]
[Source "ChessBase"]
[SourceDate "2014.02.28"]
[SourceVersion "1"]
[SourceVersionDate "2014.02.28"]
[SourceQuality "1"]
[WhiteTeam "Dallas Univ"]
[BlackTeam "Webster Univ"]
[WhiteTeamCountry "USA"]
[BlackTeamCountry "USA"]

1. e4 c5 2. Nc3 d6 3. Nge2 Nf6 4. g3 Nc6 5. Bg2 g6 6. d3 Bg7 7. 0-0 0-0 8. h3 Nd7 9. f4 b6 10. g4 Bb7 11. Ng3 e6 12. Nce2 Qc7 13. c3 f5 14. Be3 Rae8 15. Qd2 Ne7 16. Rad1 b5 17. Kh1 Nb6 18. Bg1 Kh8 19. Rde1 Rd8 20. Qc2 Qc8 21. Be3 Rde8 22. Bc1 e5 23. gxf5 gxf5 24. Nh5 Rf7 25. Neg3 Rg8 26. Kh2 Qf8 27. Re2 Bh6 28. Ref2 Nd7 29. fxe5 Nxe5 30. Bxh6 Qxh6 31. exf5 Bxg2 32. Rxg2 Nd5 33. Qd2 Ne3 34. Rff2 Qg5 35. Rg1 Nf3+ 36. Rxf3 Nf1+ 37. Rgxf1 Qxd2+ 38. R1f2 Qc1 39. Re2 Qg5 40. f6 Qd5 41. Rfe3 Qxa2 42. Re8 Qd5 43. Nf4 Qf3 44. Ngh5 Rff8 45. Rxf8 Rxf8 46. Re7 Qf2+ 47. Kh1 Qxb2 48. f7 Qxc3 49. Re8 Qa1+ 0-1

[Event "Dallas UTD-A"]
[Site "Dallas"]
[Date "2013.11.25"]
[Round "7"]
[White "Iotov, Valentin Dimitrov"]
[Black "Kritz, Leonid"]
[Result "0-1"]
[WhiteElo "2568"]
[BlackElo "2600"]
[PlyCount "80"]
[EventDate "2013.11.21"]
[EventType "tourn"]
[EventRounds "9"]
[EventCountry "USA"]
[EventCategory "13"]
[SourceTitle "CBM 158"]
[Source "ChessBase"]
[SourceDate "2014.01.16"]
[SourceVersion "1"]
[SourceVersionDate "2014.01.16"]
[SourceQuality "1"]

1. d4 Nf6 2. c4 e6 3. Nf3 Bb4+ 4. Nbd2 b6 5. a3 Bxd2+ 6. Qxd2 Bb7 7. e3 d6 8. Be2 Nbd7 9. 0-0 0-0 10. b4 Qe7 11. Qc2 c5 12. Bb2 Rac8 13. Rfd1 Rfd8 14. dxc5 dxc5 15. b5 Nf8 16. a4 Rxd1+ 17. Rxd1 Ne8 18. a5 f6 19. Nd2 e5 20. Nb1 Rd8 21. Nc3 Qc7 22. a6 Rxd1+ 23. Qxd1 Bc8 24. f4 exf4 25. Nd5 Qd6 26. exf4 Kf7 27. Bh5+ g6 28. Bf3 Be6 29. Qe1 Nd7 30. Qh4 Kg7 31. Be4 Bxd5 32. cxd5 Qe7 33. f5 Nd6 34. fxg6 hxg6 35. Bxg6 Kxg6 36. Qg4+ Kf7 37. Qh5+ Kg7 38. Qg5+ Kf8 39. Qh6+ Ke8 40. Qh8+ Qf8 0-1

[Event "Dallas UTD-A"]
[Site "Dallas"]
[Date "2013.11.24"]
[Round "6"]
[White "Kritz, Leonid"]
[Black "Ehlvest, Jaan"]
[Result "1/2-1/2"]
[WhiteElo "2600"]
[BlackElo "2574"]
[PlyCount "93"]
[EventDate "2013.11.21"]
[EventType "tourn"]
[EventRounds "9"]
[EventCountry "USA"]
[EventCategory "13"]
[SourceTitle "CBM 158"]
[Source "ChessBase"]
[SourceDate "2014.01.16"]
[SourceVersion "1"]
[SourceVersionDate "2014.01.16"]
[SourceQuality "1"]

1. e4 e5 2. Nf3 Nc6 3. Bb5 d6 4. d4 Bd7 5. Nc3 exd4 6. Nxd4 g6 7. Bxc6 bxc6 8. Be3 Bg7 9. Qd2 Nf6 10. Bh6 Bxh6 11. Qxh6 Ng4 12. Qd2 Qh4 13. Nf3 Qh6 14. 0-0-0 Qxd2+ 15. Rxd2 f6 16. h3 Ne5 17. Nxe5 fxe5 18. Kd1 Rb8 19. b3 Ke7 20. Ke2 g5 21. Ke3 h5 22. h4 g4 23. f4 gxf3 24. gxf3 Rhg8 25. Rhh2 Rg7 26. Rdg2 Rbg8 27. Kf2 Be6 28. Rxg7+ Rxg7 29. Rg2 Rxg2+ 30. Kxg2 c5 31. Kf2 c6 32. Ne2 d5 33. Ng3 Bf7 34. Nf5+ Kd7 35. Ke3 c4 36. bxc4 dxe4 37. Kxe4 Bxc4 38. a3 Bd5+ 39. Kxe5 Bxf3 40. Nd4 Bd1 41. c4 c5 42. Nb5 a6 43. Nc3 Bf3 44. Nd5 Be2 45. Ne3 Kc6 46. Ke6 Bg4+ 47. Ke5 1/2-1/2

[Event "Washington College final"]
[Site "Washington DC"]
[Date "2011.04.02"]
[Round "1"]
[White "Chirila, Ioan Cristian"]
[Black "Kritz, Leonid"]
[Result "1-0"]
[WhiteElo "2513"]
[BlackElo "2624"]
[PlyCount "101"]
[EventDate "2011.04.02"]
[EventType "team-tourn"]
[EventRounds "3"]
[EventCountry "USA"]
[SourceTitle "CBM 141 Extra"]
[Source "ChessBase"]
[SourceDate "2011.05.03"]
[SourceVersion "1"]
[SourceVersionDate "2011.05.03"]
[SourceQuality "1"]
[WhiteTeam "Dallas UT"]
[BlackTeam "UMBC"]
[WhiteTeamCountry "USA"]
[BlackTeamCountry "USA"]

1. e4 e5 2. Nf3 Nc6 3. Bb5 Nf6 4. 0-0 Nxe4 5. d4 Nd6 6. Bxc6 dxc6 7. dxe5 Nf5 8. Qxd8+ Kxd8 9. Nc3 Ke8 10. h3 h5 11. Rd1 Bb4 12. Ne2 Be6 13. Bg5 Bd5 14. Nfd4 Nxd4 15. Rxd4 Bc5 16. Rd2 Bb4 17. Rd4 Bc5 18. Rd2 Bb4 19. c3 Be7 20. Bxe7 Kxe7 21. Nf4 Be4 22. f3 Bf5 23. g4 hxg4 24. hxg4 g5 25. Nh5 Bg6 26. Ng3 Rh3 27. Kg2 Rah8 28. Nf1 Ke6 29. Rad1 Rh1 30. Kf2 Bc2 31. Re1 c5 32. c4 Ba4 33. f4 gxf4 34. Re4 f3 35. Rf4 Bc6 36. Rf6+ Ke7 37. Rd3 R8h4 38. Rf4 Ke6 39. Re3 Rh6 40. g5 Rg6 41. Rf6+ Ke7 42. e6 Rxf6 43. gxf6+ Kxf6 44. e7 Rh8 45. Ng3 b6 46. b3 a5 47. a4 Kg6 48. Re5 Re8 49. Nh5 Bd7 50. Kxf3 Be6 51. Kf4 1-0

[Event "Washington College final"]
[Site "Washington DC"]
[Date "2011.04.02"]
[Round "2"]
[White "Kritz, Leonid"]
[Black "Flores Rios, Mauricio"]
[Result "1-0"]
[WhiteElo "2624"]
[BlackElo "2502"]
[PlyCount "65"]
[EventDate "2011.04.02"]
[EventType "team-tourn"]
[EventRounds "3"]
[EventCountry "USA"]
[SourceTitle "CBM 141 Extra"]
[Source "ChessBase"]
[SourceDate "2011.05.03"]
[SourceVersion "1"]
[SourceVersionDate "2011.05.03"]
[SourceQuality "1"]
[WhiteTeam "UMBC"]
[BlackTeam "UTB"]
[WhiteTeamCountry "USA"]
[BlackTeamCountry "USA"]

1. e4 c5 2. Nf3 Nc6 3. Nc3 e6 4. d4 cxd4 5. Nxd4 Qc7 6. Be3 a6 7. Qd2 Nf6 8. 0-0-0 Be7 9. f3 0-0 10. g4 Rd8 11. g5 Nh5 12. Nb3 b5 13. Qf2 Rb8 14. f4 b4 15. Na4 d5 16. Be2 d4 17. Nxd4 Nxd4 18. Bxh5 b3 19. axb3 Nxb3+ 20. Kb1 Na5 21. Bc5 Rxd1+ 22. Rxd1 Bd7 23. Bxe7 Bxa4 24. Qc5 Qb7 25. Rd8+ Rxd8 26. Bxd8 Nc6 27. Bb6 Qd7 28. b3 Bb5 29. e5 Ne7 30. Ba5 Nd5 31. c4 Nxf4 32. cxb5 Nxh5 33. Qd6 1-0

[Event "Biel MTO op 43rd"]
[Site "Biel"]
[Date "2010.07.29"]
[Round "10"]
[White "Lysyj, Igor"]
[Black "Kritz, Leonid"]
[Result "1/2-1/2"]
[WhiteElo "2631"]
[BlackElo "2618"]
[PlyCount "95"]
[EventDate "2010.07.19"]
[EventType "swiss"]
[EventRounds "11"]
[EventCountry "SUI"]
[SourceTitle "CBM 137 Extra"]
[Source "ChessBase"]
[SourceDate "2010.09.01"]
[SourceVersion "1"]
[SourceVersionDate "2010.09.01"]
[SourceQuality "1"]

1. Nf3 d5 2. d4 Nf6 3. c4 c6 4. e3 a6 5. Nc3 b5 6. b3 Bg4 7. Be2 Nbd7 8. 0-0 e6 9. Bb2 Bd6 10. h3 Bf5 11. Nh4 Be4 12. f3 Bg6 13. c5 Bc7 14. Nxg6 hxg6 15. Bd3 e5 16. f4 b4 17. Na4 e4 18. Be2 Nh5 19. Qe1 g5 20. Bc1 a5 21. g4 Nhf6 22. Kg2 Nf8 23. f5 g6 24. Qf2 Rh6 25. Bd2 Qe7 26. Nb6 Bxb6 27. cxb6 gxf5 28. gxf5 N6d7 29. Rac1 Nxb6 30. f6 Qd6 31. Qg3 Qxg3+ 32. Kxg3 Kd7 33. a3 bxa3 34. Ra1 Nh7 35. Rxa3 Nxf6 36. Rxa5 Rxa5 37. Bxa5 Nc8 38. Bb4 Nd6 39. Kg2 Ke6 40. Rc1 Kd7 41. Ra1 Nfe8 42. Ra7+ Ke6 43. Ra6 Kd7 44. Ba5 Rh8 45. Ra7+ Ke6 46. Ra6 Kd7 47. Ra7+ Ke6 48. Ra6 1/2-1/2

[Event "Biel MTO op 43rd"]
[Site "Biel"]
[Date "2010.07.26"]
[Round "8"]
[White "Kritz, Leonid"]
[Black "Ulybin, Mikhail"]
[Result "1-0"]
[WhiteElo "2618"]
[BlackElo "2540"]
[PlyCount "101"]
[EventDate "2010.07.19"]
[EventType "swiss"]
[EventRounds "11"]
[EventCountry "SUI"]
[SourceTitle "CBM 137 Extra"]
[Source "ChessBase"]
[SourceDate "2010.09.01"]
[SourceVersion "1"]
[SourceVersionDate "2010.09.01"]
[SourceQuality "1"]

1. e4 e6 2. Nc3 d5 3. d4 Nf6 4. e5 Nfd7 5. f4 c5 6. Nf3 Qb6 7. Be3 a6 8. a3 Qa7 9. Ne2 Nc6 10. c3 c4 11. g4 h5 12. gxh5 Rxh5 13. Ng3 Rh8 14. Qe2 Ne7 15. Ng5 Nb6 16. h4 Bd7 17. Bh3 Na4 18. Bg4 Qb6 19. Rh2 g6 20. Rd1 Bh6 21. Rd2 Bxg5 22. fxg5 0-0-0 23. h5 Rh7 24. Qg2 Rdh8 25. Bd1 Qa5 26. Rc2 gxh5 27. Rxh5 Rxh5 28. Bxh5 Rh7 29. Bc1 Qd8 30. Qf3 Qg8 31. Rf2 Ng6 32. Bg4 Kc7 33. Nh5 Qh8 34. Nf6 Rh1+ 35. Kd2 Bc6 36. Nh5 Rg1 37. Qxf7+ Kb6 38. Qxg6 Rxg4 39. Nf6 Rg1 40. Qh6 Qd8 41. g6 Ka7 42. g7 Qb6 43. g8Q Rxg8 44. Nxg8 Nxb2 45. Ke2 Nd3 46. Rf1 Qb1 47. Nf6 Kb6 48. Qd2 Ka5 49. Nh5 Nxc1+ 50. Qxc1 Qe4+ 51. Qe3 1-0

[Event "USA College-ch"]
[Site "Brownsville"]
[Date "2010.04.11"]
[Round "3"]
[White "Gareyev, Timur"]
[Black "Kritz, Leonid"]
[Result "1-0"]
[WhiteElo "2585"]
[BlackElo "2616"]
[PlyCount "105"]
[EventDate "2010.04.10"]
[EventType "team-tourn"]
[EventRounds "3"]
[EventCountry "USA"]
[SourceTitle "CBM 135 Extra"]
[Source "ChessBase"]
[SourceDate "2010.05.04"]
[SourceVersion "1"]
[SourceVersionDate "2010.05.04"]
[SourceQuality "1"]

1. d4 Nf6 2. Nf3 d5 3. c4 c6 4. Nc3 a6 5. c5 Bf5 6. Bf4 Nbd7 7. e3 g6 8. Nh4 Be6 9. h3 Bg7 10. Bd3 b6 11. cxb6 Qxb6 12. a3 c5 13. Na4 Qa5+ 14. b4 cxb4 15. 0-0 0-0 16. axb4 Qxb4 17. Qe2 Ne4 18. Nf3 Qb7 19. Rfb1 Qa7 20. Ra3 Nd6 21. Bxd6 exd6 22. Nb6 Nxb6 23. Rxa6 Qc7 24. Raxb6 Rfb8 25. Qb2 Rxb6 26. Qxb6 Qxb6 27. Rxb6 Ra1+ 28. Kh2 Bf8 29. g4 Ra3 30. Bf1 h6 31. Rb7 Kg7 32. Kg3 g5 33. Bb5 Rb3 34. Bc6 Rxb7 35. Bxb7 Be7 36. Ng1 Bd8 37. Ne2 Ba5 38. Kg2 h5 39. gxh5 Kh6 40. h4 gxh4 41. Nf4 h3+ 42. Kg3 Be1 43. Bxd5 Bxd5 44. Nxd5 h2 45. Kxh2 Bxf2 46. Nf6 Bh4 47. Ne4 Be7 48. Ng3 Bg5 49. Kg2 Bh4 50. Nf5+ Kxh5 51. Kf3 Bd8 52. Nxd6 Bc7 53. Nxf7 1-0

[Event "USA tt"]
[Site "ICC INT"]
[Date "2009.09.14"]
[Round "3"]
[White "Kritz, Leonid"]
[Black "Kudrin, Sergey"]
[Result "1-0"]
[WhiteElo "2589"]
[BlackElo "2578"]
[PlyCount "121"]
[EventDate "2009.08.31"]
[EventType "team (rapid)"]
[EventRounds "10"]
[EventCountry "USA"]
[SourceTitle "CBM 132 Extra"]
[Source "ChessBase"]
[SourceDate "2009.11.03"]
[SourceVersion "1"]
[SourceVersionDate "2009.11.03"]
[SourceQuality "1"]

1. e4 c5 2. Nf3 d6 3. d4 cxd4 4. Nxd4 Nf6 5. Nc3 g6 6. Be3 Bg7 7. f3 Nc6 8. Qd2 0-0 9. Bc4 Bd7 10. 0-0-0 Rc8 11. Bb3 Nxd4 12. Bxd4 b5 13. Bxa7 b4 14. Ne2 Qa5 15. Bd4 Ba4 16. Bxa4 Qxa4 17. Kb1 Ra8 18. Nc1 Rfc8 19. Rhe1 Ne8 20. Bxg7 Nxg7 21. f4 Ne6 22. f5 b3 23. cxb3 Rxc1+ 24. Kxc1 Qxa2 25. Qc3 Nc5 26. Kd2 Nxb3+ 27. Ke3 Qa7+ 28. Kf3 Qb7 29. f6 Rc8 30. Qe3 exf6 31. Rxd6 Nc5 32. Rc1 f5 33. Qd4 Ne6 34. Qd5 fxe4+ 35. Kg3 Qb8 36. Rxc8+ Qxc8 37. Qxe4 Qb8 38. Qe5 Qb3+ 39. Qc3 Qb8 40. Qd2 Qb3+ 41. Kf2 h5 42. Kg1 Qa4 43. h3 Qa1+ 44. Kh2 Qf1 45. Rc6 Kh7 46. b4 h4 47. Rc3 Qf5 48. Rc4 Qe5+ 49. Kh1 g5 50. Qc3 Qd6 51. Rc8 Qd1+ 52. Kh2 Qd6+ 53. Kg1 Qd1+ 54. Kf2 Nd4 55. Re8 g4 56. Re1 Qc2+ 57. Qxc2+ Nxc2 58. Rb1 Na3 59. Rb3 g3+ 60. Kf3 Nb5 61. Kg4 1-0

[Event "Biel MTO op 42nd"]
[Site "Biel"]
[Date "2009.07.31"]
[Round "11"]
[White "Fressinet, Laurent"]
[Black "Kritz, Leonid"]
[Result "1/2-1/2"]
[WhiteElo "2667"]
[BlackElo "2589"]
[PlyCount "31"]
[EventDate "2009.07.20"]
[EventType "swiss"]
[EventRounds "11"]
[EventCountry "SUI"]
[SourceTitle "CBM 131 Extra"]
[Source "ChessBase"]
[SourceDate "2009.09.03"]
[SourceVersion "2"]
[SourceVersionDate "2009.09.16"]
[SourceQuality "1"]

1. e4 e5 2. Nf3 Nc6 3. Bb5 a6 4. Ba4 Nf6 5. 0-0 Be7 6. d3 b5 7. Bb3 d6 8. a4 Bd7 9. c3 0-0 10. Bc2 Re8 11. Nbd2 Bf8 12. Re1 h6 13. Nf1 d5 14. exd5 Nxd5 15. Ng3 Nb6 16. axb5 1/2-1/2

[Event "Biel MTO op 42nd"]
[Site "Biel"]
[Date "2009.07.30"]
[Round "10"]
[White "Kritz, Leonid"]
[Black "Belov, Vladimir"]
[Result "1/2-1/2"]
[WhiteElo "2589"]
[BlackElo "2627"]
[PlyCount "90"]
[EventDate "2009.07.20"]
[EventType "swiss"]
[EventRounds "11"]
[EventCountry "SUI"]
[SourceTitle "CBM 131 Extra"]
[Source "ChessBase"]
[SourceDate "2009.09.03"]
[SourceVersion "2"]
[SourceVersionDate "2009.09.16"]
[SourceQuality "1"]

1. e4 e5 2. Nf3 Nc6 3. Bb5 a6 4. Ba4 Nf6 5. 0-0 Be7 6. Re1 b5 7. Bb3 d6 8. c3 0-0 9. h3 Bb7 10. d4 Re8 11. Nbd2 Bf8 12. d5 Nb8 13. Nf1 Nbd7 14. N3h2 Nc5 15. Bc2 c6 16. b4 Ncd7 17. dxc6 Bxc6 18. Bg5 h6 19. Bxf6 Qxf6 20. Ng4 Qg5 21. a4 Rec8 22. axb5 axb5 23. Qd3 h5 24. Nge3 g6 25. Rxa8 Rxa8 26. Bb3 Nb6 27. Nd5 Ra3 28. Rb1 Nxd5 29. Bxd5 Bd7 30. Re1 Kg7 31. Re3 Be8 32. Qe2 Qd8 33. Qb2 Ra7 34. Rf3 Be7 35. Rd3 Bg5 36. Nh2 Qb6 37. Nf3 Bf6 38. h4 Qa6 39. Qc2 Qc8 40. Qb2 Qg4 41. g3 Bd8 42. Nh2 Qh3 43. Rf3 Bb6 44. Nf1 Bd8 45. Nh2 Bb6 1/2-1/2

[Event "Biel MTO op 42nd"]
[Site "Biel"]
[Date "2009.07.28"]
[Round "8"]
[White "Kritz, Leonid"]
[Black "Grachev, Boris V"]
[Result "1/2-1/2"]
[WhiteElo "2589"]
[BlackElo "2669"]
[PlyCount "65"]
[EventDate "2009.07.20"]
[EventType "swiss"]
[EventRounds "11"]
[EventCountry "SUI"]
[SourceTitle "CBM 131 Extra"]
[Source "ChessBase"]
[SourceDate "2009.09.03"]
[SourceVersion "2"]
[SourceVersionDate "2009.09.16"]
[SourceQuality "1"]

1. e4 e6 2. d4 d5 3. Nc3 dxe4 4. Nxe4 Nd7 5. Nf3 Ngf6 6. Nxf6+ Nxf6 7. c3 c5 8. Ne5 a6 9. Be3 Qc7 10. Qa4+ Nd7 11. Bb5 cxd4 12. Bxd7+ Bxd7 13. Qxd4 Bb5 14. a4 Bd6 15. Nxf7 Kxf7 16. axb5 axb5 17. Ke2 Rhd8 18. Rxa8 Rxa8 19. Rd1 Ra6 20. Qe4 Qc4+ 21. Kf3 Qxe4+ 22. Kxe4 Rc6 23. h3 Rc4+ 24. Rd4 h5 25. Kd3 Rc6 26. Re4 e5 27. g4 g6 28. Bg5 hxg4 29. Rxg4 Rc8 30. Rh4 Ke6 31. Rh7 Kf5 32. Be3 Rc7 33. Rxc7 1/2-1/2